00000000nam##2200000za#4500
0019.572833
003CaOODSP
00520210624183417
007cr |||||||||||
008150406|2008||||xxc|||||o    f|0| 0 eng|d
040 |aCaOODSP|beng
043 |an-cn---
0861 |aFs97-13/1205E-PDF
1101 |aCanada. |bDepartment of Fisheries and Oceans.
24510|aWest coast of Newfoundland capelin (Mallotus villosus M.) and Atlantic herring (Clupea harengus harengus L.) larval survey, part 5 : |h[electronic resource]|bdescription of the data collected in partnership with the industry (Barry Group) in July 2007 / |cby François Grégoire ... [et al.].
260 |aMont-Joli - Quebec : |bFisheries and Oceans Canada |c2008.
300 |a39p.|bfigs., graphs, maps, references, tables
4901 |aCanadian data report of fisheries and aquatic sciences|vNo. 1205
546 |a(Résumé en français)
590 |a12-30-Supp|b2012-06-28
7201 |aGrégoire, François
7760#|tWest coast of Newfoundland capelin (Mallotus villosus M.) and Atlantic herring (Clupea harengus harengus L.) larval survey, part 5 : |w(CaOODSP)9.619046
830#0|aCanadian data report of fisheries and aquatic sciences ;|vNo. 1205|w(CaOODSP)9.505124
85640|ahttp://publications.gc.ca|qPDF|s1018 KB|uhttps://publications.gc.ca/collections/collection_2012/mpo-dfo/Fs97-13-1205-eng.pdf|yNo. 1205